Politiques de la représentation et de l'identité : Recherches en gender, cultural, queer studies (notice n° 1565957)

détails MARC
000 -LEADER
fixed length control field 00898cam a2200121 4500500
005 - DATE AND TIME OF LATEST TRANSACTION
control field 20251130003012.0
041 ## - LANGUAGE CODE
Language code of text/sound track or separate title fre
042 ## - AUTHENTICATION CODE
Authentication code dc
245 00 - TITLE STATEMENT
Title Politiques de la représentation et de l'identité : Recherches en gender, cultural, queer studies
260 ## - PUBLICATION, DISTRIBUTION, ETC.
Name of publisher, distributor, etc. L'Harmattan,<br/>
Date of publication, distribution, etc. 2005.<br/>
520 ## - SUMMARY, ETC.
Summary, etc. Ce numéro est consacré aux gender, cultural et queer studies, à la façon dont elles bousculent et interrogent nos disciplines. D’une contribution à l’autre, d’un déplacement à l’autre, des voies, des modes de théorisation et d’action pour saper les mises en ordre du monde instituées se dessinent, démultipliant des formes de vie et dessinant des micropolitiques qui visent à transformer la représentation, les normes et le sens.
856 41 - ELECTRONIC LOCATION AND ACCESS
Uniform Resource Identifier <a href="https://shs.cairn.info/politiques-de-la-representation-et-de-lidentite--9782747579919?lang=fr&redirect-ssocas=7080">https://shs.cairn.info/politiques-de-la-representation-et-de-lidentite--9782747579919?lang=fr&redirect-ssocas=7080</a>

Pas d'exemplaire disponible.

PLUDOC

PLUDOC est la plateforme unique et centralisée de gestion des bibliothèques physiques et numériques de Guinée administré par le CEDUST. Elle est la plus grande base de données de ressources documentaires pour les Étudiants, Enseignants chercheurs et Chercheurs de Guinée.

Adresse

627 919 101/664 919 101

25 boulevard du commerce
Kaloum, Conakry, Guinée

Réseaux sociaux

Powered by Netsen Group @ 2025